00379nam a2200169Ia 4500003000400000005001700004008004100021020001800062040000700080041000800087082001800095100001300113245001400126260003900140300001700179365001300196OSt20230420145132.0210423s2000 xx 000 0 und d a9780140298666 cAL aeng a294.5922 VALM aVALMIKI. aRamayana. aNew DelhibPenguin Books Ltdc2000 axvii,696bPB b450cINR